000 00215nam a2200097Ia 4500
008 240625s9999 xx 000 0 und d
041 _aeng
100 _aTRAIN2SUCCESS
245 _aCONFLICT MANAGEMENT
260 _c2007
999 _c34377
_d34377